Państwa z największymi terenami pustynnymi - Statystyki

Ogólne statystyki
  • Ten quiz został rozwiązany 31 razy
  • Średni wynik to 17 z 21
Statystyki odpowiedzi
km² Państwo % Poprawnych
500 000 Stany Zjednoczone
100%
900 000 Egipt
96%
2 500 000 Australia
93%
2 000 000 Chiny
93%
2 100 000 Algieria
89%
2 000 000 Kanada
89%
750 000 Niger
89%
1 900 000 Rosja
89%
2 100 000 Arabia Saudyjska
81%
800 000 Czad
81%
1 600 000 Libia
81%
750 000 Mali
81%
1 000 000 Mauretania
78%
400 000 Mongolia
78%
1 500 000 Sudan
78%
400 000 Argentyna
74%
400 000 Iran
74%
450 000 Pakistan
70%
500 000 Jemen
63%
450 000 Somalia
63%
500 000 Namibia
56%
Nie znaleziono quizów pasujących do podanych kryteriów
Rozkład punktacji
Procent ludzi z każdym wynikiem
Percentyl według liczby udzielonych odpowiedzi
Twoja historia wyników
Nie rozwiązałeś tego quizu